000 00579nam a2200217Ia 4500
005 20240327093252.0
008 131103s9999 xx 000 0 und d
020 _a9.79E+12
_cRs.375.00
040 _aLoreto College
041 _aEnglish
082 _a512.5
_bDAT
100 _aDatta,Kanti Bhushan
245 _aMatrix and linear algebra
_b Aided with MATLAB
_cKanti Bhushan Datta
250 _a2nd ed.(rev.)
260 _aNew Delhi
_bPHI Learning
_c2012
300 _axv,655p
504 _aIncludes index
650 _aLinear algebra
850 _aLCLIB
942 _cBK
999 _c38743
_d89222